The truth about Stacey: (Record no. 14757)

MARC details
000 -LEADER
fixed length control field 03775nam a2200481 a 4500
005 - DATE AND TIME OF LATEST TRANSACTION
control field 20080808105145.0
008 - FIXED-LENGTH DATA ELEMENTS--GENERAL INFORMATION
fixed length control field 080808t xxu||||| |||| 00| 0 eng d
010 ## - LCCN (DPL NO)
LC control number B-282997-283012
020 ## - INTERNATIONAL STANDARD BOOK NUMBER
International Standard Book Number 0439739365
Terms of availability 225.00
035 ## - SYSTEM CONTROL NUMBER
System control number B-282997-283012
040 ## - CATALOGING SOURCE
Original cataloging agency DPL
Language of cataloging EN
082 ## - DEWEY DECIMAL CLASSIFICATION NUMBER
Classification number 741.5
100 ## - MAIN ENTRY--PERSONAL NAME
Personal name Telgemeier, Raina
245 ## - TITLE STATEMENT
Title The truth about Stacey:
Remainder of title a graphic novel /
Statement of responsibility, etc by Raina Telgemeier;edited by David Levithan & Janna Morishima
250 ## - EDITION STATEMENT
Edition statement 1st ed.
260 ## - PUBLICATION, DISTRIBUTION, ETC. (IMPRINT)
Place of publication, distribution, etc New York :
Name of publisher, distributor, etc Scholastic India
Date of publication, distribution, etc 2007
300 ## - PHYSICAL DESCRIPTION
Extent 141 p. :
Other physical details ill.
Dimensions 24 cm (pbk)
490 ## - SERIES STATEMENT
Series statement The Baby-sitters Club / by Ann M. Martin
500 ## - GENERAL NOTE
General note Based on: The truth about Stacey / Ann M. Martin.
700 ## - ADDED ENTRY--PERSONAL NAME
Personal name Martin, Ann M.
700 ## - ADDED ENTRY--PERSONAL NAME
Personal name Levithan, David
700 ## - ADDED ENTRY--PERSONAL NAME
Personal name Morishima, Janna
942 ## - ADDED ENTRY ELEMENTS (KOHA)
Source of classification or shelving scheme Dewey Decimal Classification
Item type Children Books
Classification part 741.5
Call number suffix TEL
Holdings
Withdrawn status Lost status Damaged status Not for loan Collection code Home library Current library Date acquired Cost, normal purchase price Total Checkouts Full call number Barcode Date last seen Copy number Cost, replacement price Koha item type Source of classification or shelving scheme Source of acquisition Total Renewals
        Fiction Bagh Kadhe Khan Bagh Kadhe Khan 08/08/2008 225.00   741.5 TEL B-283007 05/07/2010 1 225.00 Children Books      
        Fiction Bawana Bawana 08/08/2008 225.00   741.5 TEL B-283009 15/09/2008 1 225.00 Children Books      
        Fiction Central Jail Tihar Central Jail Tihar 08/08/2008 225.00   741.5 TEL B-283002 15/09/2008 1 225.00 Children Books      
        Fiction Central Library Central Library 08/08/2008 225.00 1 741.5 TEL B-282997 29/05/2023 1 225.00 Children Books      
        Fiction Diz Area Diz Area 08/08/2008 225.00 1 741.5 TEL B-283003 18/11/2025 1 225.00 Children Books      
        Fiction Kadipur Kadipur 08/08/2008 225.00   741.5 TEL B-283012 15/09/2008 1 225.00 Children Books      
        Fiction Karol Bagh Karol Bagh 08/08/2008 225.00   741.5 TEL B-283005 15/09/2008 1 225.00 Children Books      
        Fiction Kasturba Gandhi Marg Kasturba Gandhi Marg 08/08/2008 225.00 1 741.5 TEL B-282999 17/10/2023 1 225.00 Children Books      
        Fiction Katevara Katevara 08/08/2008 225.00   741.5 TEL B-283010 15/09/2008 1 225.00 Children Books      
        Fiction Mundaka Mundaka 08/08/2008 225.00   741.5 TEL B-283011 15/09/2008 1 225.00 Children Books      
        Fiction Narela Narela 08/08/2008 225.00   741.5 TEL B-283008 15/09/2008 1 225.00 Children Books      
        Fiction New Rohtak Road New Rohtak Road 08/08/2008 225.00   741.5 TEL B-283006 15/09/2008 1 225.00 Children Books      
        Fiction Patel Nagar Patel Nagar 08/08/2008 225.00   741.5 TEL B-282998 15/09/2008 1 225.00 Children Books      
        Fiction Peshwa Road Peshwa Road 08/08/2008 225.00 1 741.5 TEL B-283000 19/09/2022 1 225.00 Children Books      
        Fiction Sarojini Nagar Sarojini Nagar 08/08/2008 225.00 1 741.5 TEL B-283004 26/09/2019 1 225.00 Children Books      
        Fiction Tri Nagar Tri Nagar 08/08/2008 225.00 3 741.5 TEL B-283001 23/05/2023 1 225.00 Children Books      
        Non-fiction Vinoba Puri Vinoba Puri 16/09/2008 225.00 16 741.5 TEL B-285440 28/11/2016 1 225.00 Children Books Dewey Decimal Classification Scholastic/TR-A-00118/2.9.08/213/21.7.08/11.9.08 2

© Delhi Public Library
Hit Counter
free hit counter